000 00631nam a2200217 i 4500
001 188893
003 SpMaBN
005 20240102164539.0
008 190221s2001 sp |||| | spa d
020 _a84-322-1096-X
080 _a821.134.2-31"19"
100 1 _aSalabert, Juana.
_9101685
245 1 0 _aVelódromo de invierno /
_cJuana Salabert.
250 _a1ª ed.
260 _aBarcelona :
_bSeix Barral,
_c2001.
300 _a267 p. ;
_c24 cm.
586 _aPremio Biblioteca Breve 2001
852 _aES-MaACL
_jA-14386
_9196027
_bR.151748
_cDEPO1
_dOlim: N-7386
942 _2udc
_cMONOGRAFIA
999 _c188893
_d188893